[Event "Sevastopol Waltz Blitz"]
[Site "Sevastopol"]
[Date "2023.06.29"]
[Round "9"]
[White "Tkachuk, Ilya"]
[Black "Baranov, Jury"]
[Result "1-0"]
[WhiteElo "1375"]
[BlackElo "2110"]
[PlyCount "20"]
[EventDate "2023.06.29"]
[EventType "swiss (blitz)"]
[EventRounds "13"]
[EventCountry "UKR"]
[SourceTitle "CBM 215 Extra"]
[Source "ChessBase"]
[SourceDate "2023.09.30"]
[SourceVersion "1"]
[SourceVersionDate "2023.09.30"]
[SourceQuality "1"]

1. d4 Nf6 2. Nf3 d6 3. c4 g6 4. Nc3 Bg7 5. e4 0-0 6. Be3 Ng4 7. Bg5 h6 8. Bh4 g5 9. Bg3 Nc6 10. Be2 e5 1-0

[Event "Sevastopol Waltz Rapid"]
[Site "Sevastopol"]
[Date "2023.06.28"]
[Round "9"]
[White "Baranov, Jury"]
[Black "Kryakvin, Andrey"]
[Result "0-1"]
[WhiteElo "2110"]
[BlackElo "1526"]
[PlyCount "136"]
[EventDate "2023.06.26"]
[EventType "swiss (rapid)"]
[EventRounds "11"]
[EventCountry "UKR"]
[SourceTitle "CBM 215 Extra"]
[Source "ChessBase"]
[SourceDate "2023.09.30"]
[SourceVersion "1"]
[SourceVersionDate "2023.09.30"]
[SourceQuality "1"]

1. c4 e6 2. Nc3 d5 3. d4 Nf6 4. Nf3 dxc4 5. e3 a6 6. Bxc4 b5 7. Be2 Bb7 8. 0-0 c5 9. b3 cxd4 10. Nxd4 Nbd7 11. Bb2 Be7 12. Bf3 Qb6 13. Bxb7 Qxb7 14. Qf3 Qxf3 15. Nxf3 0-0 16. Rfd1 Rfd8 17. Ne2 Nc5 18. Ba3 Bf8 19. Ned4 Nce4 20. Bxf8 Kxf8 21. Rac1 Rac8 22. Rxc8 Rxc8 23. h3 Nd5 24. Ne5 Ndc3 25. Rc1 Nxf2 26. Nd7+ Ke7 27. Nb6 Rc7 28. Kf1 Nd3 29. Rc2 Nb4 30. Rd2 Ne4 31. Rd1 Nxa2 32. Nf5+ Kf6 33. Nd6 Nxd6 34. Rxd6 Ke7 35. Rd2 Nb4 36. Rd4 Nc2 37. Rd3 Rc6 38. Rd7+ Kf6 39. Rb7 Nxe3+ 40. Kf2 Nf5 41. g4 Nd6 42. Nd7+ Ke7 43. Ra7 Nc8 44. Rb7 Kd6 45. Nf8 Rc7 46. Rb8 h6 47. h4 Ke7 48. Nh7 e5 49. g5 hxg5 50. Nxg5 f6 51. Ne4 Nd6 52. Ng3 Ke6 53. h5 f5 54. Rb6 a5 55. Ra6 a4 56. bxa4 bxa4 57. Rxa4 f4 58. Ne2 Kf5 59. Ra6 Ne4+ 60. Kf3 Ng5+ 61. Kf2 e4 62. Nd4+ Kg4 63. h6 gxh6 64. Rxh6 Ra7 65. Rg6 e3+ 66. Ke2 Ra2+ 67. Kd3 Rd2+ 68. Kc3 Rxd4 0-1

[Event "Sevastopol Waltz op"]
[Site "Sevastopol"]
[Date "2023.06.25"]
[Round "9"]
[White "Baranov, Jury"]
[Black "Kryakvin, Andrey"]
[Result "0-1"]
[WhiteElo "2110"]
[BlackElo "1526"]
[PlyCount "122"]
[EventDate "2023.06.17"]
[EventType "swiss"]
[EventRounds "9"]
[EventCountry "UKR"]
[SourceTitle "CBM 214 Extra"]
[Source "ChessBase"]
[SourceDate "2023.07.31"]
[SourceVersion "1"]
[SourceVersionDate "2023.07.31"]
[SourceQuality "1"]

1. Nf3 Nf6 2. c4 e6 3. g3 d5 4. Bg2 Be7 5. 0-0 0-0 6. d4 c6 7. Qc2 b6 8. Rd1 Bb7 9. b3 Nbd7 10. Bb2 c5 11. cxd5 Bxd5 12. Nc3 Bb7 13. e4 cxd4 14. Nxd4 Rc8 15. Qe2 Bb4 16. Ncb5 a6 17. a3 Bc5 18. b4 axb5 19. bxc5 bxc5 20. Nxb5 Rb8 21. a4 Qe7 22. Rd2 e5 23. Rad1 Ba6 24. Rd6 Rb6 25. Rxb6 Nxb6 26. Qc2 Rb8 27. Bf1 h6 28. Ba3 Qb7 29. Nd6 Qa7 30. Bxc5 Bxf1 31. Bxb6 Qxb6 32. Kxf1 Qa6+ 33. Kg2 Rd8 34. Nf5 Rxd1 35. Qxd1 Nxe4 36. Ne7+ Kh7 37. Qc2 Qb7 38. Nc6 f5 39. f3 Nd6 40. Nxe5 Qd5 41. Qe2 Qa5 42. Nd7 Qxa4 43. Qe7 Qa2+ 44. Kh3 Nf7 45. f4 g5 46. fxg5 hxg5 47. Nf6+ Kg6 48. g4 Qb3+ 49. Kg2 Qb2+ 50. Kg1 Qxf6 51. gxf5+ Kxf5 52. Qc7 Qd4+ 53. Kg2 Qg4+ 54. Kh1 Qd1+ 55. Kg2 Qe2+ 56. Kg1 Ne5 57. Qc8+ Kf4 58. Qf8+ Ke3 59. Qa3+ Qd3 60. Qc5+ Qd4 61. Qc1+ Ke2+ 0-1

[Event "Sevastopol Waltz op"]
[Site "Sevastopol"]
[Date "2023.06.18"]
[Round "2"]
[White "Triapishko, Alexandr"]
[Black "Baranov, Jury"]
[Result "1-0"]
[WhiteElo "2506"]
[BlackElo "2110"]
[PlyCount "67"]
[EventDate "2023.06.17"]
[EventType "swiss"]
[EventRounds "9"]
[EventCountry "UKR"]
[SourceTitle "CBM 214 Extra"]
[Source "ChessBase"]
[SourceDate "2023.07.31"]
[SourceVersion "1"]
[SourceVersionDate "2023.07.31"]
[SourceQuality "1"]

1. Nf3 d5 2. g3 g6 3. Bg2 c6 4. 0-0 Bg7 5. d3 e5 6. e4 Ne7 7. Re1 d4 8. a4 0-0 9. Na3 c5 10. Nd2 Nec6 11. Ndc4 Na5 12. Nxa5 Qxa5 13. Nc4 Qd8 14. f4 Nc6 15. Bd2 Be6 16. b3 Qd7 17. Qf3 f6 18. a5 Rab8 19. f5 Bf7 20. h4 b5 21. axb6 axb6 22. Bh3 Qc7 23. fxg6 hxg6 24. h5 gxh5 25. Ra6 Rb7 26. Bf5 b5 27. Rxc6 Qxc6 28. Na5 Qc7 29. Nxb7 Qxb7 30. g4 Kh8 31. Kf2 Rg8 32. Rh1 Qe7 33. g5 Rf8 34. g6 1-0

[Event "Sevastopol Waltz op"]
[Site "Sevastopol"]
[Date "2022.08.07"]
[Round "7"]
[White "Baranov, Jury"]
[Black "Lugovskoy, Maxim"]
[Result "0-1"]
[WhiteElo "2110"]
[BlackElo "2397"]
[PlyCount "112"]
[EventDate "2022.08.01"]
[EventType "swiss"]
[EventRounds "9"]
[EventCountry "UKR"]
[SourceTitle "EXT 2023"]
[Source "ChessBase"]
[SourceDate "2022.10.05"]
[SourceVersion "1"]
[SourceVersionDate "2022.10.05"]
[SourceQuality "1"]

1. e4 e6 2. d4 d5 3. Nd2 Nc6 4. Ngf3 Nf6 5. e5 Nd7 6. Nb3 a5 7. a4 b6 8. c3 Be7 9. Bd3 Ba6 10. 0-0 Ncb8 11. Re1 Bxd3 12. Qxd3 c5 13. c4 Nc6 14. Bd2 0-0 15. cxd5 exd5 16. dxc5 Nxc5 17. Qe3 Qd7 18. Nxc5 bxc5 19. e6 Qd6 20. exf7+ Rxf7 21. Qe6 Rb8 22. Bg5 Qxe6 23. Rxe6 Bxg5 24. Nxg5 Rf6 25. Rxf6 gxf6 26. Ne6 c4 27. Nc7 d4 28. Nb5 d3 29. Kf1 Nb4 30. Na3 Nc2 31. Nxc2 dxc2 32. Rc1 Rxb2 33. Ke2 Kf7 34. Kd2 Ke6 35. Rxc2 Rb4 36. Kc3 Kd5 37. Re2 Rxa4 38. Re7 Ra3+ 39. Kd2 Ra2+ 40. Ke3 a4 41. Rxh7 a3 42. Rh5+ Kc6 43. Ra5 Kb6 44. Ra8 Kc5 45. h4 Ra1 46. h5 a2 47. Kf3 c3 48. h6 Kb4 49. h7 Rh1 50. Rxa2 Rxh7 51. Ke2 Kb3 52. Ra6 Re7+ 53. Kd3 Rd7+ 54. Ke4 Rc7 55. Rb6+ Kc4 56. Kf5 c2 0-1

[Event "Black Sea GP"]
[Site "Evpatoria"]
[Date "2021.10.26"]
[Round "8"]
[White "Baranov, Jury"]
[Black "Grinivetskii, Mark"]
[Result "1-0"]
[WhiteElo "2147"]
[BlackElo "1350"]
[PlyCount "57"]
[EventDate "2021.10.19"]
[EventType "swiss"]
[EventRounds "9"]
[EventCountry "UKR"]
[SourceTitle "EXT 2023"]
[Source "ChessBase"]
[SourceDate "2022.10.05"]
[SourceVersion "1"]
[SourceVersionDate "2022.10.05"]
[SourceQuality "1"]

1. d4 d5 2. c4 e6 3. Nf3 c6 4. e3 Nf6 5. Nc3 Bb4 6. Bd2 0-0 7. Qc2 Bxc3 8. Bxc3 b6 9. Bd3 Ba6 10. Ne5 dxc4 11. Nxc4 Qd5 12. e4 Nxe4 13. Ne3 Bxd3 14. Qxd3 Nc5 15. Qe2 Qd6 16. Nc4 Qd5 17. dxc5 Qxg2 18. 0-0-0 Qg5+ 19. Kb1 Qxc5 20. Rhg1 g6 21. Nd6 Rd8 22. Ne4 Qe7 23. Bf6 Rxd1+ 24. Rxd1 Qe8 25. Rd8 Nd7 26. Rxe8+ Rxe8 27. Qd2 Nc5 28. Qh6 Nxe4 29. Qg7# 1-0

[Event "Black Sea GP"]
[Site "Evpatoria"]
[Date "2021.10.20"]
[Round "2"]
[White "Triapishko, Alexandr"]
[Black "Baranov, Jury"]
[Result "1-0"]
[WhiteElo "2506"]
[BlackElo "2147"]
[PlyCount "73"]
[EventDate "2021.10.19"]
[EventType "swiss"]
[EventRounds "9"]
[EventCountry "UKR"]
[SourceTitle "EXT 2023"]
[Source "ChessBase"]
[SourceDate "2022.10.05"]
[SourceVersion "1"]
[SourceVersionDate "2022.10.05"]
[SourceQuality "1"]

1. Nf3 Nf6 2. g3 d6 3. d4 g6 4. b3 Bg7 5. Bb2 0-0 6. Bg2 Bf5 7. c4 c6 8. 0-0 a5 9. a3 d5 10. Nc3 Ne4 11. e3 Nxc3 12. Bxc3 Be4 13. Bh3 e6 14. Qe2 a4 15. Nd2 Bc2 16. b4 dxc4 17. Qxc4 Qd5 18. Qe2 Nd7 19. Rfc1 Bb3 20. Bg2 Qd6 21. Nxb3 axb3 22. Qb2 h5 23. Qxb3 Nf6 24. b5 Nd5 25. Be1 Rfc8 26. a4 c5 27. Qa3 b6 28. Rab1 Bf8 29. dxc5 Rxc5 30. e4 Nc7 31. e5 Qxe5 32. Bxa8 Nxa8 33. Rxc5 Bxc5 34. Qf3 Nc7 35. Bc3 Qf5 36. Qxf5 gxf5 37. a5 1-0

[Event "Kerch Panticapaeum Rapid op"]
[Site "Kerch"]
[Date "2021.09.22"]
[Round "8"]
[White "Temirbekov, Taimaz"]
[Black "Baranov, Jury"]
[Result "0-1"]
[WhiteElo "1573"]
[BlackElo "2147"]
[PlyCount "134"]
[EventDate "2021.09.21"]
[EventType "swiss (rapid)"]
[EventRounds "9"]
[EventCountry "RUS"]
[SourceTitle "CBM 204 Extra"]
[Source "ChessBase"]
[SourceDate "2021.11.30"]
[SourceVersion "1"]
[SourceVersionDate "2021.11.30"]
[SourceQuality "1"]

1. Nf3 d5 2. c4 e6 3. b3 Nf6 4. Bb2 c5 5. cxd5 exd5 6. e3 Nc6 7. Bd3 Bd6 8. Nc3 0-0 9. h4 Bg4 10. Ne2 Re8 11. Ng5 h6 12. f3 Bd7 13. f4 d4 14. Bc4 hxg5 15. hxg5 Ng4 16. Qc2 Be6 17. g6 Qf6 18. gxf7+ Kxf7 19. Bb5 Nb4 20. Bxe8+ Rxe8 21. Qh7 Bf5 22. Qh5+ Qg6 23. Qxg6+ Kxg6 24. 0-0 Nd3 25. Bxd4 cxd4 26. Nxd4 Be4 27. b4 Bxb4 28. f5+ Kf6 29. Nb3 Rc8 30. Rab1 Rc2 31. Nd4 Rxd2 32. Nf3 Nxe3 33. Nxd2 Bxd2 34. g4 Nxf1 35. Rxf1 Be3+ 36. Kh2 Kg5 37. Kg3 Bf4+ 38. Kh3 Be5 39. a4 Nf4+ 40. Kg3 Ng2+ 41. Kf2 Kxg4 42. Rd1 Bf3 43. Rd7 Nf4 44. a5 Nh3+ 45. Ke3 a6 46. Rd8 Ng5 47. Kd3 Kxf5 48. Kc4 Ne6 49. Rd7 g5 50. Kd3 g4 51. Ke3 Bd4+ 52. Kd3 Be4+ 53. Ke2 g3 54. Rf7+ Kg6 55. Re7 Kf6 56. Re8 g2 57. Rg8 Ng5 58. Rf8+ Ke7 59. Rf1 gxf1Q+ 60. Kxf1 Bc3 61. Kg1 Bxa5 62. Kh2 Be1 63. Kg1 Bg3 64. Kf1 Bf3 65. Kg1 a5 66. Kf1 a4 67. Kg1 a3 0-1

[Event "Kerch Panticapaeum Rapid op"]
[Site "Kerch"]
[Date "2021.09.21"]
[Round "2"]
[White "Kryakvin, Andrey"]
[Black "Baranov, Jury"]
[Result "0-1"]
[WhiteElo "1240"]
[BlackElo "2147"]
[PlyCount "110"]
[EventDate "2021.09.21"]
[EventType "swiss (rapid)"]
[EventRounds "9"]
[EventCountry "RUS"]
[SourceTitle "CBM 204 Extra"]
[Source "ChessBase"]
[SourceDate "2021.11.30"]
[SourceVersion "1"]
[SourceVersionDate "2021.11.30"]
[SourceQuality "1"]

1. d4 Nf6 2. Nf3 d6 3. g3 g6 4. Bg2 Bg7 5. 0-0 0-0 6. c4 c6 7. Nc3 Bf5 8. Nh4 Bd7 9. e4 a5 10. f4 e5 11. fxe5 dxe5 12. dxe5 Ng4 13. Nf3 Be6 14. Qxd8 Rxd8 15. Bg5 Rd7 16. b3 Nxe5 17. Nxe5 Bxe5 18. Bf6 Bxf6 19. Rxf6 Na6 20. Rff1 Rad8 21. Rad1 Nb4 22. Bf3 Nd3 23. Kg2 h5 24. Nd5 Bxd5 25. cxd5 Ne5 26. dxc6 Rxd1 27. Rxd1 Rxd1 28. Bxd1 bxc6 29. Be2 Kf8 30. Kf2 Ke7 31. Ke3 Kd6 32. Kd4 f6 33. h3 c5+ 34. Ke3 Nc6 35. a4 Ke5 36. Bc4 Ne7 37. g4 h4 38. Bf7 g5 39. Be8 Nc8 40. Bf7 Nb6 41. Bg8 Nd7 42. Bh7 Kd6 43. Bg8 Ne5 44. Bd5 Ng6 45. Bc4 Nf4 46. Bf1 Ke5 47. Kf3 Kd4 48. Bc4 Nxh3 49. Kg2 Nf4+ 50. Kf3 Nd3 51. Ke2 Ne5 52. Be6 Kxe4 53. Bf5+ Kf4 54. Kf2 Nxg4+ 55. Bxg4 Kxg4 0-1

[Event "Kerch Panticapaeum Rapid op"]
[Site "Kerch"]
[Date "2021.09.21"]
[Round "4"]
[White "Potapova, Margarita"]
[Black "Baranov, Jury"]
[Result "1-0"]
[WhiteElo "2257"]
[BlackElo "2147"]
[PlyCount "57"]
[EventDate "2021.09.21"]
[EventType "swiss (rapid)"]
[EventRounds "9"]
[EventCountry "RUS"]
[SourceTitle "CBM 204 Extra"]
[Source "ChessBase"]
[SourceDate "2021.11.30"]
[SourceVersion "1"]
[SourceVersionDate "2021.11.30"]
[SourceQuality "1"]

1. d4 Nf6 2. c4 d6 3. Nf3 g6 4. Nc3 Bf5 5. h3 Bg7 6. g4 Bd7 7. e4 0-0 8. Be3 Nc6 9. d5 Nb4 10. Be2 c5 11. g5 Ne8 12. Qd2 Na6 13. h4 Nac7 14. h5 e6 15. e5 exd5 16. cxd5 Bg4 17. exd6 Nxd6 18. 0-0-0 Bxf3 19. Bxf3 Nc4 20. Qe2 Nxe3 21. Qxe3 Re8 22. Qf4 Na6 23. d6 Qa5 24. Bd5 Rf8 25. Qh4 Rfd8 26. hxg6 hxg6 27. Bxf7+ Kxf7 28. Qc4+ Kf8 29. Rh3 1-0

[Event "Kerch Panticapaeum Cup"]
[Site "Kerch"]
[Date "2021.09.17"]
[Round "6"]
[White "Baranov, Jury"]
[Black "Tolstobrov, Artem"]
[Result "1-0"]
[WhiteElo "2147"]
[BlackElo "1338"]
[PlyCount "80"]
[EventDate "2021.09.12"]
[EventType "swiss"]
[EventRounds "9"]
[EventCountry "RUS"]
[SourceTitle "CBM 204 Extra"]
[Source "ChessBase"]
[SourceDate "2021.11.30"]
[SourceVersion "1"]
[SourceVersionDate "2021.11.30"]
[SourceQuality "1"]

1. d4 g6 2. e4 Bg7 3. Nf3 d6 4. Bd3 Nc6 5. c3 Nf6 6. 0-0 Nd7 7. Bg5 h6 8. Be3 0-0 9. Qd2 Kh7 10. h3 e5 11. dxe5 Ndxe5 12. Nxe5 Nxe5 13. Be2 b6 14. f4 Nd7 15. Qc2 Bb7 16. Nd2 Re8 17. Bd3 Nf6 18. Rae1 Qd7 19. Kh2 Re7 20. Bd4 Rae8 21. Re2 c5 22. Bxf6 Bxf6 23. a4 Bg7 24. Rfe1 Bc6 25. b3 Qb7 26. Bb5 Bxb5 27. axb5 d5 28. Qd3 dxe4 29. Rxe4 Rxe4 30. Rxe4 Rxe4 31. Nxe4 Qc7 32. Qd6 Qxd6 33. Nxd6 Bxc3 34. Nxf7 Kg7 35. Nd6 Be1 36. Nc8 Kf6 37. g4 Ke6 38. Kg2 Kd5 39. Nxa7 Ke4 40. Nc8 Bc3 1-0

[Event "Kerch Panticapaeum Cup"]
[Site "Kerch"]
[Date "2021.09.15"]
[Round "4"]
[White "Baranov, Jury"]
[Black "Illina, Natalia"]
[Result "1/2-1/2"]
[WhiteElo "2147"]
[BlackElo "2099"]
[PlyCount "111"]
[EventDate "2021.09.12"]
[EventType "swiss"]
[EventRounds "9"]
[EventCountry "RUS"]
[SourceTitle "CBM 204 Extra"]
[Source "ChessBase"]
[SourceDate "2021.11.30"]
[SourceVersion "1"]
[SourceVersionDate "2021.11.30"]
[SourceQuality "1"]

1. d4 Nf6 2. Nf3 g6 3. Nbd2 Bg7 4. e4 d6 5. Bb5+ c6 6. Bd3 0-0 7. 0-0 Qc7 8. Re1 e5 9. c3 Nbd7 10. h3 Re8 11. Bf1 b6 12. a4 a6 13. dxe5 dxe5 14. Nc4 Bf8 15. Bg5 Re6 16. Ncd2 h6 17. Be3 Bb7 18. Bc4 Ree8 19. Qb3 Nc5 20. Qc2 b5 21. Bxc5 Bxc5 22. Ba2 Rad8 23. Nf1 Rd7 24. Rad1 Red8 25. Ng3 Ba7 26. Rxd7 Rxd7 27. Rd1 Bb8 28. Rxd7 Qxd7 29. Qd2 Kg7 30. axb5 cxb5 31. Qxd7 Nxd7 32. Ne1 Nc5 33. f3 Ba7 34. Kf1 Bc8 35. Ke2 Kf6 36. Nd3 Ne6 37. Nf1 Nf4+ 38. Nxf4 exf4 39. b4 Ke7 40. Bd5 f6 41. Nd2 Bb8 42. Kd3 Bc7 43. Nb3 Bb6 44. Nd4 h5 45. Nc6+ Kd6 46. Nd4 Ke7 47. Nb3 g5 48. Nd4 h4 49. Bg8 Kd6 50. Bf7 Bd7 51. Bh5 Be6 52. Nxe6 Kxe6 53. Bg4+ Kd6 54. Bc8 a5 55. bxa5 Bxa5 56. Kd4 1/2-1/2

[Event "Kerch Panticapaeum Cup"]
[Site "Kerch"]
[Date "2021.09.13"]
[Round "2"]
[White "Baranov, Jury"]
[Black "Truskavetsky, Alexandr"]
[Result "0-1"]
[WhiteElo "2147"]
[BlackElo "2371"]
[PlyCount "128"]
[EventDate "2021.09.12"]
[EventType "swiss"]
[EventRounds "9"]
[EventCountry "RUS"]
[SourceTitle "CBM 204 Extra"]
[Source "ChessBase"]
[SourceDate "2021.11.30"]
[SourceVersion "1"]
[SourceVersionDate "2021.11.30"]
[SourceQuality "1"]

1. d4 f5 2. Nc3 Nf6 3. Bg5 d5 4. e3 e6 5. Nf3 Be7 6. Be2 0-0 7. 0-0 Bd7 8. Ne5 Be8 9. Nb1 h6 10. Bxf6 gxf6 11. Nd3 Bd6 12. f4 Qe7 13. Nc3 c6 14. Rf3 Kh7 15. Rh3 Rg8 16. Qe1 Nd7 17. Kh1 Qf8 18. Qh4 Be7 19. Rg1 b5 20. Nd1 c5 21. c3 c4 22. Ne1 b4 23. cxb4 Bxb4 24. Nf2 Rb8 25. Nf3 Be7 26. Nd1 Nb6 27. b3 cxb3 28. axb3 Nc8 29. Bd3 Nd6 30. g4 Ne4 31. g5 Rxb3 32. Bxe4 dxe4 33. Qxh6+ Qxh6 34. Rxh6+ Kg7 35. Rh3 Kf8 36. gxf6 Rxg1+ 37. Nxg1 Bxf6 38. Ne2 Rb1 39. Nec3 Rc1 40. Kg2 a5 41. Kf1 Rc2 42. Rg3 Rxh2 43. Rg2 Rh1+ 44. Ke2 a4 45. Kd2 a3 46. Kc1 Bh5 47. Ra2 Be7 48. Kc2 Rf1 49. Ra1 Bg4 50. Rb1 Rh1 51. Rb8+ Kf7 52. Ra8 Rh2+ 53. Kc1 Bb4 54. Ra7+ Ke8 55. Ra4 Be7 56. Ra8+ Kf7 57. Ra7 Rh1 58. Kd2 Kf6 59. Ra6 Bb4 60. Kc2 Ke7 61. Ra4 Bd6 62. Ra7+ Kd8 63. Ra6 Kc7 64. Nb5+ Kb7 0-1

[Event "Yuzhny op"]
[Site "Yuzhny"]
[Date "2011.09.07"]
[Round "8"]
[White "Baranov, Jury"]
[Black "Rodin, Alexey"]
[Result "1-0"]
[WhiteElo "2143"]
[BlackElo "1921"]
[PlyCount "109"]
[EventDate "2011.09.03"]
[EventType "swiss"]
[EventRounds "9"]
[EventCountry "UKR"]
[SourceTitle "CBM 144 Extra"]
[Source "ChessBase"]
[SourceDate "2011.10.28"]
[SourceVersion "1"]
[SourceVersionDate "2011.10.28"]
[SourceQuality "1"]

1. d4 Nf6 2. Nf3 e6 3. e3 b6 4. Bd3 Bb7 5. 0-0 Be7 6. Nbd2 d5 7. Ne5 c5 8. c3 0-0 9. f4 Ne4 10. Nxe4 dxe4 11. Be2 Nc6 12. a3 Nxe5 13. fxe5 f6 14. exf6 Bxf6 15. Bd2 Qd7 16. Qe1 Bg5 17. Qg3 Bh6 18. Rad1 Rxf1+ 19. Rxf1 g6 20. Qh3 Bg7 21. Be1 Rf8 22. Rxf8+ Bxf8 23. Bg3 cxd4 24. cxd4 Bd5 25. Be5 b5 26. Qh4 Bg7 27. Bxg7 Kxg7 28. Qe1 a6 29. Qc3 Kf6 30. Qc5 Qe7 31. b4 Qd7 32. h4 Kf7 33. g3 Qc6 34. Kf2 e5 35. Qxc6 Bxc6 36. Bg4 exd4 37. exd4 Bb7 38. Ke3 Kf6 39. Bd7 h6 40. Bh3 g5 41. Bg4 Kg6 42. h5+ Kf7 43. Bf5 Kf6 44. Bxe4 Bc8 45. Bg2 Kf5 46. Bf3 g4 47. Bd1 Kg5 48. Ke4 Bb7+ 49. Ke5 Kxh5 50. Kf6 Be4 51. Bb3 Bg6 52. Be6 Be8 53. Bf5 Bf7 54. d5 Be8 55. d6 1-0